| Tag |
First Indicator |
Second Indicator |
Subfields |
| LEADER |
00000cam a2200000Ia 4500 |
| 001 |
in00002642721 |
| 005 |
20211120160859.0 |
| 006 |
m d f |
| 007 |
cr mn||||||||| |
| 008 |
110201s2010 ohua obt f000 0 eng d |
| 035 |
|
|
|a (OCoLC)ocn699832560
|
| 040 |
|
|
|a GPO
|c GPO
|d GPO
|d MvI
|d UtOrBLW
|
| 049 |
|
|
|a WWW
|
| 074 |
|
|
|a 0830-D (online)
|
| 086 |
0 |
|
|a NAS 1.15:2010-216742
|
| 245 |
0 |
0 |
|a Design of a facility to test the advanced Stirling Radioisotope Generator Engineering Unit /
|c Edward J. Lewandowski [and others] ; prepared for the Seventh International Energy Conversion Engineering Conference (IECEC) sponsored by the American Institute of Aeronautics and Astronautics, Denver, Colorado, August 2-5, 2009.
|
| 264 |
|
1 |
|a Cleveland, Ohio :
|b National Aeronautics and Space Administration, Glenn Research Center,
|c [2010]
|
| 300 |
|
|
|a 1 online resource (14 pages) :
|b illustrations
|
| 336 |
|
|
|a text
|b txt
|2 rdacontent
|
| 337 |
|
|
|a computer
|b c
|2 rdamedia
|
| 338 |
|
|
|a online resource
|b cr
|2 rdacarrier
|
| 490 |
1 |
|
|a NASA/TM ;
|v 2010-216742
|
| 500 |
|
|
|a Title from title screen (viewed on Feb. 1, 2011).
|
| 500 |
|
|
|a "August 2010."
|
| 504 |
|
|
|a Includes bibliographical references (page 14).
|
| 536 |
|
|
|h WBS 138494.04.01.01
|
| 500 |
|
|
|a Electronic resource.
|
| 650 |
|
7 |
|a Stirling cycle.
|2 nasat
|
| 650 |
|
7 |
|a Design analysis.
|2 nasat
|
| 650 |
|
7 |
|a Performance prediction.
|2 nasat
|
| 650 |
|
7 |
|a Reliability analysis.
|2 nasat
|
| 700 |
1 |
|
|a Lewandowski, Edward J.
|
| 710 |
2 |
|
|a NASA Glenn Research Center.
|
| 711 |
2 |
|
|a International Energy Conversion Engineering Conference
|n (7th :
|d 2009 :
|c Denver, Colo.)
|
| 830 |
|
0 |
|a NASA technical memorandum ;
|v 216742.
|
| 856 |
4 |
0 |
|u https://purl.fdlp.gov/GPO/gpo3631
|t 0
|
| 999 |
|
|
|a MARS
|
| 999 |
f |
f |
|s 565ad2a7-aa67-3b12-8d5f-7a477975bc09
|i cf0dae73-f312-3c95-a1a2-ae2775844b7a
|t 0
|
| 952 |
f |
f |
|a Texas A&M University
|b College Station
|c Electronic Resources
|d Available Online
|t 0
|e NAS 1.15:2010-216742
|h Superintendent of Documents classification
|
| 998 |
f |
f |
|a NAS 1.15:2010-216742
|t 0
|l Available Online
|